| 000 | 00556nam a2200193Ia 4500 | ||
|---|---|---|---|
| 003 | IN-BaIIA | ||
| 008 | 211028s9999 xx 000 0 eng d | ||
| 040 | _cIIA Library | ||
| 080 |
_a52(091) _bGUI |
||
| 100 |
_aGuinness, Grattan H. _92827 |
||
| 245 | 0 |
_aCreation centred in christ _bvol. I _cH. Grattan Guinness |
|
| 260 |
_aLondon _bHodder and Stoughton _c1896 |
||
| 300 | _axxxvii, 536p. | ||
| 650 | _aArchives | ||
| 650 | _aAstronomy and Astrophysics Thesaurus | ||
| 650 |
_aAstronomy-History _9900 |
||
| 650 |
_aHistory-Astronomy _91125 |
||
| 942 | _cBK | ||
| 999 |
_c1373 _d1373 |
||